书目信息 |
| 题名: |
国共谈判文献资料选辑
|
|
| 作者: | ;中共代表团梅园新村纪念馆 编 | |
| 分册: | ||
| 出版信息: | 南京 江苏人民出版社 1984 |
|
| 页数: | 545页 | |
| 开本: | 21cm | |
| 丛书名: | ||
| 单 册: | ||
| 中图分类: | K266.06 | |
| 科图分类: | ||
| 主题词: | 国共谈判(1945~1947)--史料 | |
| 电子资源: | ||
| ISBN: | ||
| 000 | 00783nam0 2200253 45 | |
| 001 | 0184012802 | |
| 005 | 20040519153538.4 | |
| 010 | @dCNY2.65 | |
| 091 | @a11100.133 | |
| 100 | @a19950621d1984 em y0chiy0121 ea | |
| 101 | 0 | @achi |
| 102 | @aCN@b320000 | |
| 105 | @af z 000yy | |
| 106 | @ar | |
| 200 | 10 | @a国共谈判文献资料选辑@Aguo gong tan pan wen xian zi liao xuan ji@e1948.8-1947.3@f中共代表团梅园新村纪念馆编 |
| 205 | @a2版 | |
| 210 | @a南京@c江苏人民出版社@d1984 | |
| 215 | @a545页@c照片@d21cm | |
| 606 | @a国共谈判(1945~1947)@x史料 | |
| 690 | @aK266.06@v3 | |
| 711 | 02 | @a中共代表团梅园新村纪念馆@Azhong gong dai biao tuan mei yuan xin cun ji nian guan@4编 |
| 801 | 0 | @aCN@b上海图书馆@c20040518 |
| 801 | 2 | @aCN@bNLC@c20040518 |
| 905 | @dK266.06@e27=2@f1@b215405 | |
| 国共谈判文献资料选辑:1948.8-1947.3/中共代表团梅园新村纪念馆编.-2版.-南京:江苏人民出版社,1984 |
| 545页:照片;21cm |
| ISBN :CNY2.65 |
| ● |
| 相关链接 |
|
|
|
|
正题名:国共谈判文献资料选辑
索取号:K266.06/27=2
 
预约/预借
| 序号 | 登录号 | 条形码 | 馆藏地/架位号 | 状态 | 备注 |
| 1 | 0215406 | 000354486 | 第二样本阅览室/ [索取号:K266.06/27=2] | 在馆 | |
| 2 | 0257297 | 000354468 | 密集书库/ [索取号:K266.06/27=2] | 在馆 | |
| 3 | 0257298 | 000354477 | 密集书库/ [索取号:K266.06/27=2] | 在馆 | |
| 4 | 0257299 | 000354459 | 密集书库/ [索取号:K266.06/27=2] | 在馆 |